El debate ideológico pendiente (Registro nro. 18266)

Detalles MARC
000 -LEADER
fixed length control field 00319 a2200109 4500
001 - CONTROL NUMBER
control field ART_15619
005 - DATE AND TIME OF LATEST TRANSACTION
control field 20260410161736.0
008 - FIXED-LENGTH DATA ELEMENTS--GENERAL INFORMATION
fixed length control field 260409a
100 1# - MAIN ENTRY--PERSONAL NAME
Personal name Floria, Carlos A.
245 10 - TITLE STATEMENT
Title El debate ideológico pendiente
773 0# - HOST ITEM ENTRY
Title Ejecutivos de finanzas
Related parts - Año 6, Nº 43 (mar. 1988)
Record control number REV2863

No hay ítems disponibles.